[Event "Liberec op 15th"]
[Site "Liberec"]
[Date "2015.02.14"]
[Round "1"]
[White "Kucera, Petr3333"]
[Black "Cejp, Jaroslav"]
[Result "1-0"]
[WhiteElo "2252"]
[BlackElo "1749"]
[PlyCount "75"]
[EventDate "2015.02.14"]
[EventType "swiss"]
[EventRounds "9"]
[EventCountry "CZE"]
[SourceTitle "CBM 164 Extra"]
[Source "ChessBase"]
[SourceDate "2015.03.02"]
[SourceVersion "1"]
[SourceVersionDate "2015.03.02"]
[SourceQuality "1"]

1. d4 Nf6 2. Nf3 e6 3. c4 d5 4. Nc3 Nbd7 5. Bg5 Be7 6. e3 0-0 7. Bd3 Re8 8. 0-0 c6 9. Qc2 h6 10. Bf4 dxc4 11. Bxc4 Nb6 12. Be2 Nbd5 13. Bg3 Nh5 14. Ng5 Bxg5 15. Bxh5 Bf6 16. Ne4 g6 17. Nxf6+ Qxf6 18. Bf3 Qg7 19. Rfd1 f5 20. Be5 Qf7 21. Qd2 Kh7 22. Rac1 Nf6 23. b4 Nd7 24. Bg3 Nf6 25. b5 cxb5 26. Rc7 Nd7 27. Bxb7 Bxb7 28. Rxb7 a6 29. Qb4 Kg7 30. Qd6 Red8 31. Rc1 Rac8 32. Rxc8 Rxc8 33. h3 Rd8 34. Ra7 Qe8 35. Qc7 g5 36. Kh2 h5 37. h4 g4 38. Bf4 1-0

[Event "Liberec op 09th"]
[Site "Liberec"]
[Date "2008.11.22"]
[Round "9"]
[White "Cejp, Jaroslav"]
[Black "Kaderabek, Jiri"]
[Result "0-1"]
[WhiteElo "1853"]
[BlackElo "2201"]
[PlyCount "64"]
[EventDate "2008.11.15"]
[EventType "swiss"]
[EventRounds "9"]
[EventCountry "CZE"]
[SourceTitle "CBM 127 Extra"]
[Source "ChessBase"]
[SourceDate "2009.01.08"]
[SourceVersion "2"]
[SourceVersionDate "2009.01.28"]
[SourceQuality "1"]

1. e4 d6 2. d4 Nf6 3. Nc3 c6 4. Nf3 Bg4 5. Be2 Nbd7 6. 0-0 e5 7. Re1 Be7 8. b3 0-0 9. Bb2 Qc7 10. Qd3 Rad8 11. d5 Rc8 12. Rac1 Qa5 13. dxc6 bxc6 14. Qa6 Qc7 15. h3 Nc5 16. Qa3 Bh5 17. Ba6 Rb8 18. b4 Bxf3 19. gxf3 Nxa6 20. Qxa6 Rxb4 21. Ba3 Qb6 22. Qxb6 Rxb6 23. Red1 Rd8 24. Rb1 Kf8 25. Rb3 d5 26. Bxe7+ Kxe7 27. Rdb1 Rdb8 28. Re1 d4 29. Nb1 Rxb3 30. axb3 d3 31. cxd3 Rxb3 32. Rc1 Rxd3 0-1